00423 2200181 4500001002100000005001500021008004100036020002200077035001900099041000700118082000800125090001700133100001700150245001700167260001400184300002500198650001800223INLIS00000000000451920241224112928241224||||||||| | ||| |||| || |  a978-602-6108-16-6 0010-1224004519 aid0 a155 a155.25 MOH R0 aMOHD ADRIZAL00aRANTING HATI bMcMc2017 a160 HAL,; 14,5X21 CM 0aIlmu Filsafat